[Event "Augustow op"]
[Site "Augustow"]
[Date "2004.??.??"]
[Round "4"]
[White "Buzun, Rafal"]
[Black "Soltys, Konrad"]
[Result "0-1"]
[WhiteElo "1600"]
[BlackElo "1400"]
[PlyCount "81"]
[EventDate "2004.08.??"]
[EventType "swiss"]
[EventRounds "9"]
[EventCountry "POL"]
[SourceTitle "EXT 2008"]
[Source "ChessBase"]
[SourceDate "2007.11.25"]
[SourceVersion "1"]
[SourceVersionDate "2007.11.25"]
[SourceQuality "1"]

1. e4 e5 2. Nf3 Nc6 3. Bb5 Bd6 4. Nc3 Nge7 5. d3 b6 6. Bg5 Bb7 7. 0-0 h6 8. Bh4 g5 9. Bg3 Ng6 10. Nd5 h5 11. h3 Nf4 12. Qd2 Nd4 13. Nxd4 exd4 14. e5 Bxe5 15. Rfe1 f6 16. Nxf4 gxf4 17. Bxf4 Qe7 18. Bxe5 fxe5 19. Qe2 0-0-0 20. Qxe5 Qf7 21. Qe7 Qg6 22. f3 Bxf3 23. Ba6+ Kb8 24. Re2 Bxe2 25. Qxe2 Rde8 26. Qf3 Qc6 27. Qxc6 dxc6 28. Rf1 Re2 29. Rf2 Rxf2 30. Kxf2 Re8 31. Bc4 b5 32. Bb3 Kb7 33. a4 bxa4 34. Bxa4 Kb6 35. b4 Re6 36. Bb3 Re5 37. g4 Kb5 38. Kf3 Re3+ 39. Kg2 h4 40. g5 Rg3+ 41. Kh2 0-1

[Event "Augustow op"]
[Site "Augustow"]
[Date "2004.??.??"]
[Round "5"]
[White "Soltys, Konrad"]
[Black "Michalowski, Lubosz"]
[Result "0-1"]
[WhiteElo "1400"]
[BlackElo "1600"]
[PlyCount "98"]
[EventDate "2004.08.??"]
[EventType "swiss"]
[EventRounds "9"]
[EventCountry "POL"]
[SourceTitle "EXT 2008"]
[Source "ChessBase"]
[SourceDate "2007.11.25"]
[SourceVersion "1"]
[SourceVersionDate "2007.11.25"]
[SourceQuality "1"]

1. e4 e5 2. Nf3 Nc6 3. d4 exd4 4. Nxd4 Qh4 5. Nc3 Bb4 6. Qd3 Ne5 7. Qe3 Bc5 8. Ncb5 Bb6 9. Bd3 a6 10. Qf4 Nxd3+ 11. cxd3 Qxf4 12. Bxf4 axb5 13. Nxb5 d6 14. e5 Bd7 15. Nc3 dxe5 16. Bxe5 f6 17. Bg3 Ne7 18. 0-0 0-0 19. Rfe1 Nf5 20. Bf4 Nd4 21. Re7 Rfd8 22. Nd5 Bc5 23. Re4 c6 24. Ne7+ Kf8 25. Rc1 Bxe7 26. Rxd4 Bf5 27. Rxd8+ Rxd8 28. Rd1 c5 29. b3 Rxd3 30. Rc1 Rd8 31. g3 Ra8 32. a4 Be6 33. Rc3 Rd8 34. Kg2 Rd1 35. Be3 b6 36. Bf4 Rb1 37. Bc7 Rxb3 38. Rxb3 Bxb3 39. Bxb6 Bxa4 40. Kf3 c4 41. Ba5 Kf7 42. Ke4 Ke6 43. f4 f5+ 44. Kd4 Bb3 45. h3 h5 46. h4 Bf6+ 47. Ke3 Bb2 48. Kd2 Kd5 49. Ke3 c3 0-1